000 01006nas a2200325 4500
001 BR2011003660
003 BR-BrBNA
005 20231205115418.0
007 ta
008 230509b bl.|||p| |||| 00| 00por d
040 _aBR-BrBNA
_bpor
_cBiblioteca Nacional de Agricultura
041 _a(Pt)
072 _aL74
100 1 _aTudury, E.A.
100 1 _aFigueiredo, M.L.
100 1 _aKemper, B.
100 1 _aAraújo, F.P.
100 1 _aChioratto, R.
100 1 _aMarques, N.B.
100 1 _aFernandes, T.H.T.
245 1 _aDesinserção proximal do músculo sartório na correção da luxação patelar medial graus III e IV em cães
650 _aCÃO
650 _aDISTÚRBIO FISIOLÓGICO
650 _aCIRURGIA
650 _aVETERINÁRIA
650 _aLUXAÇÃO
773 0 _tArquivo Brasileiro de Medicina Veterinária e Zootecnia (Brazil)
_xISSN 0102-0935
_g(Feb 2011), v. 63(1) p. 254-257
_wBR2011003660
909 _a202311
_bLúcia
_c55
_dLúcia Elande
942 _2AGRIS
_n0
_cANA
999 _c213664
_d213664